| 000 | 00768nam a2200205 i 4500 | ||
|---|---|---|---|
| 001 | 170245 | ||
| 003 | ES-MaACL | ||
| 005 | 20240510063136.0 | ||
| 008 | 090216s1942 fr |||| | fre d | ||
| 080 | _a782.1 | ||
| 080 | _a821.131.1-2"19" | ||
| 100 | 1 |
_aD'Annunzio, Gabriele, _d1863-1938 _942351 |
|
| 245 | 1 | 3 |
_aLe martyre de Saint Sébastien _b: [mystère composé en rythme français (1911)] / _cGabriele D'Annunzio. |
| 260 |
_a[Roma] : _bIl Vittoriale degli Italiani, _c1942-XX. |
||
| 300 |
_a272 p. ; _c23 cm. |
||
| 490 | 1 |
_aOpere di Gabriele D'Annunzio. III ; _v12 |
|
| 830 | 0 |
_aOpere di Gabriele D'Annunzio. III ; _v12 _9222995 |
|
| 852 |
_aES-MaACL _jE-12461 _9R.140583 _z. - Biblioteca Jacinto Martínez Lacalle |
||
| 999 |
_c170245 _d170245 |
||